000 00578nam a22002057a 4500
003 OSt
005 20140310182837.0
008 130213t xxu||||| |||| 00| 0 eng d
020 _a0789300672
050 _aTT 502
_b.B495 1997
082 _aM 746.92092
_bB45 1997
245 _aYves Saint Laurent
_cBerge, Pierre
260 _aNew York, NY :
_bA Division of Rizzoli International Publications, Inc.,
_cc1997.
300 _a78 p.
_c22 cm.
_bcol. : ill. ;
521 _aCollege Students
526 _c1210L-1700L
541 _j1
562 _e1
942 _2lcc
_cBK
_kM
999 _c16772
_d16772